000 00573nam a22001937a 4500
999 _c183977
_d183977
005 20220110113258.0
010 _aENG-131042-43
020 _a10-SE-000-932
_c365.00
020 _a978-93-528-390-87
_c495.00
035 _aEN-114574-75
037 _bDBAD
082 _a530
100 _aBhatt, Pankaj
245 _aPHYSICS:
_cPankaj Bhatt
260 _aNew Delhi
_bS Chand School Books
_c2022
270 _bNew Delhi
_aA-27, 2nd Floor, Mhan Co-operative Industrial Estate
_e110044
300 _a138p., 266p.
_c25cm(pbk)
942 _2ddc
_cEN
_h530
_mBHA